LEADER 01374nam--2200409---450- 001 990001880980203316 005 20040728090514.0 010 $a3-540-20099-1 035 $a000188098 035 $aUSA01000188098 035 $a(ALEPH)000188098USA01 035 $a000188098 100 $a20040728d2003----km-y0itay0103----ba 101 0 $aeng 102 $aDE 105 $aa|||||||001yy 200 1 $aMultiscale problems and methods in numerical simulations$electures given at the C.I.M.E. summer school held in Martina Franca, Italy, September 9-15, 2001$fJ.H. Bramble, A. Cohen, W. Dahmen$geditor C. Canuto 210 $aBerlin [etc.]$cSpringer$dcopyr. 2003 215 $aXIII, 161 p.$cill.$d24 cm. 225 2 $aLecture notes in mathematics$v1825 410 0$12001$aLecture notes in mathematics$v1825 454 1$12001 461 1$1001-------$12001 610 0 $aMeccanica statistica 676 $a530.13 700 1$aBRAMBLE,$bJames H.$060323 701 1$aCOHEN,$bAlbert$0120460 701 1$aDAHMEN,$bWolfgang$0466165 702 1$aCANUTO,$bClaudio 801 0$aIT$bsalbc$gISBD 912 $a990001880980203316 951 $a510 LNM 1825$b0030500/CBS$c510$d00114308 959 $aBK 969 $aSCI 979 $aRIVELLI$b90$c20040728$lUSA01$h0905 996 $aMultiscale problems and methods in numerical simulations$9955324 997 $aUNISA LEADER 00799nam0-22003131i-450 001 990001824800403321 005 20190612115352.0 010 $a88-206-4313-8 035 $a000182480 035 $aFED01000182480 035 $a(Aleph)000182480FED01 035 $a000182480 100 $a20021010d1999----km-y0itay50------ba 101 0 $aita 200 1 $aCamelie$fBruno Caraffini 210 $aBologna$cEdagricole$d1999 215 $aXI, 104 p.$d23 cm 225 1 $a<>gemme verdi 610 0 $aCamelie 676 $a635.933 166 700 1$aCaraffini,$bBruno$0353971 801 0$aIT$bUNINA$gRICA$2UNIMARC 901 $aBK 912 $a990001824800403321 952 $a60 635.933 CARB 1999$b7389$fFAGBC 959 $aFAGBC 996 $aCamelie$9413156 997 $aUNINA DB $aING01 LEADER 03853 am 22004813u 450 001 996209997903316 005 20230617021834.0 035 $a(CKB)2670000000334399 035 $a(SSID)ssj0000985785 035 $a(PQKBManifestationID)11543079 035 $a(PQKBTitleCode)TC0000985785 035 $a(PQKBWorkID)10929427 035 $a(PQKB)10285889 035 $a(WaSeSS)Ind00073618 035 $a(EXLCZ)992670000000334399 100 $a20160829d2004 uy | 101 0 $ager 135 $aur||#|||||||| 181 $ctxt$2rdacontent 182 $cc$2rdamedia 183 $acr$2rdacarrier 200 10$a"Adieu ihr lieben Schwarzen" $eGesammelte Schriften des Tiroler Afrika-Missionars Franz Mayr (1865-1914) /$fherausgegeben und kommentiertvon Clemens Gütl 210 31$aAustria :$cBo?hlau Verlag,$d2004 215 $a1 online resource (405 pages) $cdigital, PDF file(s) 300 $aBibliographic Level Mode of Issuance: Monograph 311 08$aPrint version: 9783205771449 320 $aIncludes bibliographical references. 330 $aFranz Mayr was "one of the most interesting of catholic missionaries in Southern Africa" states Professor Joy Brain ("University of Durban") in the foreword she wrote for this first edition of his writings. Mayr was born in the Austrian province of Tyrol in 1865, educated as a priest in the diocese of Brixen and arrived in Natal (South Africa) at the beginning of May 1890, inspired by the work being done there by the Trappist-Monks led by Abbot Franz Pfanner. Mayr was physically handicapped and soon left the trappists but just to offer his services to the vicar apostolic of Natal, Bishop Charles Jolivet, who accepted him for work among the African population. He was sent to Pietermaritzburg then capital of the British colony to take over the care of the African parishioners to bring the "good news" to those who had never heard it. He founded several new mission-stations in Natal, Southern Rhodesia (present day Zimbabwe) and Swaziland where he was killed by a native robber in 1914. Mayr - a man of many talents - was a gifted linguist, studied and published books in several African languages. He was interested in cultural anthropology and collected information about African customs. It is now more than a hundred years since Franz Mayr began his work of evangelisation and scholarship in Southern Africa. Publishing his letters and articles - kept by several archives in Europe - should help to remember a man of the Habsburg-Monarchy who went to preach the gospel to the so called heathen of Africa. Although Austria or Austria-Hungary never owned colonies in Africa many of its inhabitants left their homes to work in catholic mission-stations around the continent. Several introductory chapters in this book explain the particular historical context which has to be put into consideration when reading Mayrs' writings. From there we learn about his life, his work, how he treated the native population, what he thought about other religious congregations around him, the colonialists and about troubles when trying to convince people to believe in the only - the "European God". The missionary deserves to be better known. The present edition of historical sources is to be seen as a most relevant step allowing us to interpret his personality adequately. 606 $aReligion$2HILCC 606 $aPhilosophy & Religion$2HILCC 606 $aChristianity$2HILCC 607 $aKwaZulu-Natal (South Africa)$xChurch history 615 7$aReligion 615 7$aPhilosophy & Religion 615 7$aChristianity 700 $aMayr$b Franz$f1865-1914.$01223446 702 $aGütl$b Clemens 801 0$bPQKB 801 2$bUkMaJRU 906 $aBOOK 912 $a996209997903316 996 $a"Adieu ihr lieben Schwarzen"$92838245 997 $aUNISA LEADER 02495nam0 2200553 i 450 001 VAN0113702 005 20230706113613.96 017 70$2N$a9783319219301 100 $a20180117d2015 |0itac50 ba 101 $aeng 102 $aCH 105 $a|||| ||||| 200 1 $aˆThe ‰linear model and hypothesis$ea general unifying theory$fGeorge A. F. Seber 210 $a[Cham]$c Springer$d2015 215 $aIX, 205 p.$cill.$d24 cm 410 1$1001VAN0036509$12001 $aSpringer series in statistics$1210 $aBerlin [etc.]$cSpringer 500 1$3VAN0235294$aˆThe ‰linear model and hypothesis : a general unifying theory$92440574 606 $a62J02$xGeneral nonlinear regression [MSC 2020]$3VANC021211$2MF 606 $a62-XX$xStatistics [MSC 2020]$3VANC022998$2MF 606 $a62J05$xLinear regression; mixed models [MSC 2020]$3VANC023156$2MF 606 $a62F03$xParametric hypothesis testing [MSC 2020]$3VANC024582$2MF 606 $a62J10$xAnalysis of variance and covariance (ANOVA) [MSC 2020]$3VANC026516$2MF 606 $a62H15$xHypothesis testing in multivariate analysis [MSC 2020]$3VANC030964$2MF 610 $aAnalysis of variance$9KW:K 610 $aGoodness-of-fit tests$9KW:K 610 $aHypothesis tests$9KW:K 610 $aLagrange multiplier test$9KW:K 610 $aLarge sample tests$9KW:K 610 $aLikelihood-ratio test$9KW:K 610 $aLinear Models$9KW:K 610 $aMissing observations$9KW:K 610 $aMultinomial Distribution$9KW:K 610 $aMultivariate hypothesis testing$9KW:K 610 $aOrthogonal projections$9KW:K 610 $aScore test$9KW:K 610 $aSeparable hypotheses$9KW:K 610 $aSimultaneous confidence intervals$9KW:K 610 $aWald test$9KW:K 620 $aCH$dCham$3VANL001889 700 1$aSeber$bGeorge Arthur F.$3VANV013991$0780930 712 $aSpringer $3VANV108073$4650 801 $aIT$bSOL$c20240614$gRICA 856 4 $uhttp://dx.doi.org/10.1007/978-3-319-21930-1$zE-book ? Accesso al full-text attraverso riconoscimento IP di Ateneo, proxy e/o Shibboleth 899 $aBIBLIOTECA DEL DIPARTIMENTO DI MATEMATICA E FISICA$1IT-CE0120$2VAN08 912 $fN 912 $aVAN0113702 950 $aBIBLIOTECA DEL DIPARTIMENTO DI MATEMATICA E FISICA$d08CONS e-book 0473 $e08eMF473 20180117 996 $aLinear model and hypothesis : a general unifying theory$92440574 997 $aUNICAMPANIA LEADER 02025nam0 2200445 i 450 001 VAN0124867 005 20230630092808.915 017 70$2N$a9783319698304 100 $a20191028d2018 |0itac50 ba 101 $aeng 102 $aCH 105 $a|||| ||||| 200 1 $aMixed-Effects Regression Models in Linguistics$fDirk Speelman, Kris Heylen, Dirk Geeraerts editors 210 $aCham$cSpringer$d2018 215 $avii, 146 p.$cill.$d24 cm 410 1$1001VAN0103266$12001 $aQuantitative methods in the humanities and social sciences$1210 $aBerlin [etc.]$cSpringer 500 1$3VAN0236376$aMixed-Effects Regression Models in Linguistics$91563661 606 $a62-XX$xStatistics [MSC 2020]$3VANC022998$2MF 606 $a91Fxx$xOther social and behavioral sciences (mathematical treatment) [MSC 2020]$3VANC025040$2MF 606 $a91-XX$xGame theory, economics, finance, and other social and behavioral sciences [MSC 2020]$3VANC025601$2MF 606 $a91F20$xLinguistics [MSC 2020]$3VANC031205$2MF 610 $aEffects models$9KW:K 610 $aGeneralized linear mixed models$9KW:K 610 $aLinguistics$9KW:K 610 $aMixed models$9KW:K 610 $aRegression$9KW:K 610 $aSemantics$9KW:K 620 $aCH$dCham$3VANL001889 702 1$aGeeraerts$bDirk$3VANV096287 702 1$aHeylen$bKris$3VANV096286 702 1$aSpeelman$bDirk$3VANV096285 712 $aSpringer $3VANV108073$4650 801 $aIT$bSOL$c20240614$gRICA 856 4 $uhttp://doi.org/10.1007/978-3-319-69830-4$zE-book ? Accesso al full-text attraverso riconoscimento IP di Ateneo, proxy e/o Shibboleth 899 $aBIBLIOTECA DEL DIPARTIMENTO DI MATEMATICA E FISICA$1IT-CE0120$2VAN08 912 $fN 912 $aVAN0124867 950 $aBIBLIOTECA DEL DIPARTIMENTO DI MATEMATICA E FISICA$d08CONS e-book 1254 $e08eMF1254 20191028 996 $aMixed-Effects Regression Models in Linguistics$91563661 997 $aUNICAMPANIA LEADER 00932nam0 22002653i 450 001 VAN00073191 005 20240806100559.342 010 $a88-365-0390-X 100 $a20091221f19901990 |0itac50 ba 101 $aita 102 $aIT 105 $a|||| ||||| 200 1 $aGrandi città d'Europa 210 $a[Milano]$cTouring club italiano$d[1990] 215 $a392 p.$cill.$d30 cm. 606 $aEuropa$xGuide$3VANC025184$2FI 620 $dMilano$3VANL000284 676 $a914.04559$v21 712 $aTouring club italiano$3VANV108707$4650 801 $aIT$bSOL$c20240906$gRICA 899 $aBIBLIOTECA DEL DIPARTIMENTO DI LETTERE E BENI CULTURALI$1IT-CE0103$2VAN07 912 $aVAN00073191 950 $aBIBLIOTECA DEL DIPARTIMENTO DI LETTERE E BENI CULTURALI$d07CONS Ye 874 $e07 94 20091221 996 $aGrandi città d'Europa$91415246 997 $aUNICAMPANIA